Normal view MARC view

Entry Topical Term

Number of records used in: 1

001 - CONTROL NUMBER

  • control field: 19084

003 - CONTROL NUMBER IDENTIFIER

  • control field:

005 - DATE AND TIME OF LATEST TRANSACTION

  • control field: 20221013113609.0

008 - FIXED-LENGTH DATA ELEMENTS

  • fixed length control field: 221013|| aca||aabn | a|a d

040 ## - CATALOGING SOURCE

  • Original cataloging agency:
  • Transcribing agency:

150 ## - HEADING--TOPICAL TERM

  • Topical term or geographic name entry element: Celestial Church of Christ
  • Form subdivision: Nigeria

670 ## - SOURCE DATA FOUND

  • Source citation: Work cat.: ()9660: ALABI, Dosu aut 19082, Practical Christianity part 1:, 2007

National Library of Nigeria OPAC is powered by Koha